banner-ar

هداية الحيارى فى اجوبة اليهود والنصارى / (Record no. 53171)

MARC details
000 -الفاتح
حقل البيانات ثابتة الطول 00856nam a2200205Ia 4500
008 - عناصر البيانات ثابتة الطول - معلومات عامة
حقل البيانات ثابتة الطول 140319s9999 xx 000 0 ara d
040 ## - مصدر الفهرسة
وكالة الفهرسة الأصلية GCL /
وكالة النسخ GCL
082 04 - رقم تصنيف ديوى العشرى
رقم التصنيف 291.172
رقم المادة ش هـ
100 1# - المدخل الرئيسى - إسم شخصى
الإسم الشخصى ابن قيم الجوزية: شمس الدين ابو عبدالله محمد بن ابى بكر
245 10 - بيان العنوان
العنوان هداية الحيارى فى اجوبة اليهود والنصارى /
بيان المسئوليه,etc ابن قيم الجوزية: شمس الدين ابو عبدالله محمد بن ابى بكر
700 1# - المدخل الاضافى - اسم شخصى
الإسم الشخصى احمد حجازى احمد السقا
260 ## - PUBLICATION, DISTRIBUTION, ETC. (IMPRINT)
تاريخ النشر أو التوزيع 1987
300 ## - الوصف المادى
التعداد 294 ص ؛
أبعاد الوعاء 25 سم
490 ## - بيان السلسلة
عنوان السلسلة
650 04 - المدخل الاضافى بالموضوع-مصطلح موضوعى
مصطلح موضوعي الاسلام
650 04 - المدخل الاضافى بالموضوع-مصطلح موضوعى
مصطلح موضوعي اليهودية
650 04 - المدخل الاضافى بالموضوع-مصطلح موضوعى
مصطلح موضوعي الديانات المقارنة
942 ## - عناصر المدخل الإضافي( كوها)
مصدر التصنيف او مخطط الترفيف Dewey Decimal Classification
Koha [default] item type كتاب
260 ## - PUBLICATION, DISTRIBUTION, ETC. (IMPRINT)
-- القاهرة :
-- المكتبة القيمة للطباعة والنشر والتوزيع ،
Holdings
حالة التراجع حالة الفقد حالة تلف ليس للاعارة المكان المؤقت الموقع الحالى تاريخ الاكتساب اجمالي اﻻعارات رقم الطلب الباركود تاريخ اخر مشاهدة تاريخ تفعيل السعر نوع وعاء كوها
        مكتبة القاهرة الكبرى مكتبة القاهرة الكبرى 03/26/2014   291.172\ش هـ 127612 03/26/2014 03/26/2014 كتاب
        مكتبة القاهرة الكبرى مكتبة القاهرة الكبرى 03/26/2014   291.172\ش هـ 127613 03/26/2014 03/26/2014 كتاب
        مكتبة القاهرة الكبرى مكتبة القاهرة الكبرى 03/26/2014   291.172\ش هـ 127614 03/26/2014 03/26/2014 كتاب

Powered By

EGPV